Statistics for Mon- geography

Click here to take the quiz!

General Stats

  • This quiz has been taken 50 times
  • The average score is 13 of 20

Answer Stats

HintAnswer% Correct
Country in Western EuropeMonaco
100%
Asian countryMongolia
95%
Country in the BalkansMontenegro
93%
US stateMontana
90%
Part of the above, famous for its casinoMonte Carlo
90%
Biggest city in QuebecMontreal
90%
Highest point in Western EuropeMont Blanc
88%
Capital of UruguayMontevideo
85%
Capital of LiberiaMonrovia
76%
Sweden's form of governmentMonarchy
68%
Capital of AlabamaMontgomery
66%
Third-biggest city in MexicoMonterrey
61%
Capital of VermontMontpelier
59%
Italian city hosting a Formula 1 Grand PrixMonza
39%
Thomas Jefferson's plantationMonticello
37%
British territory in the CaribbeanMontserrat
37%
Jamaica's second cityMontego Bay
32%
Hill in Paris, location of the Sacré-Cœur BasilicaMontmartre
32%
State of MyanmarMon
20%
Swiss city on Lake GenevaMontreux
17%

Score Distribution

Percentile by Number Answered

Percent of People with Each Score

Your Score History

You have not taken this quiz